Statistiques concernant Notre bonne vieille Ligue 1

Cliquez ici pour prendre le quiz!

Statistiques générales

  • Ce quiz a été pris 155 fois
  • Le résultat moyen est 10 sur 20

Statistiques - réponses

QuestionRéponse% Correct
14 janvier 2018, lors du match PSG-Nantes, l'arbitre Tony Chapron tacle un joueur Nantais avant de l'expulser. De quel joueur s'agit-il ?Diego Carlos
81%
Quel est le club le plus titré avec 10 trophées de champion de France ?AS Saint-Etienne
79%
Avec 138 réalisations, qui est le meilleur buteur de L1 encore en activité ?Edinson Cavani
74%
13 mars 2016, le PSG s'impose sur le terrain de Troyes lors d'un match extrêmement prolifique, et est sacré champion de France dès la 30ème journée. Quel était le score de ce match ?0-9
60%
Le 26 octobre 2014, l'attaquant Niçois Carlos Eduardo marque un quintuplé lors d'une rencontre gagnée 7-2 par son équipe. Qui était l'adversaire de l'OGC Nice ce jour là ?EA Guingamp
59%
Le meilleur buteur de la saison 2014/2015 avait fait trembler 27 fois les filets. De quel joueur s'agit-il ?Alexandre Lacazette
55%
Quel était le podium de la Ligue 1 lors de la saison 2016/2017 ?1-AS Monaco, 2-Paris-Saint-Germain, 3-OGC Nice
54%
Lors de la saison 2015/2016, l'Olympique de Marseille essuie une défaite dès son premier match. Après la rencontre, Marcelo Bielsa, alors entraineur, démissionne de son poste. Quel club a précipité le départ d'El Loco en battant l'OM ce soir là ?SM Caen
54%
La saison 2012/2013 voit l'OM terminer dauphin du PSG, en ayant gagné un grand nombre de matchs sur le score de 1-0. Combien de matchs exactement ?12
52%
Sur les 10 dernières saisons, l'édition 2016/2017 est la seule à avoir vu 4 joueurs marquer un total de plus de 20 buts. Qui sont ces 4 artificiers ?Falcao, Cavani, Gomis et Lacazette
50%
Lors de la saison 2015/2016, le PSG établit un nouveau record de points sur une saison. Combien d'unités comptait le champion de France cette année là ?96
49%
Lequel de ces joueurs a inscrit le plus de buts en Ligue 1 ?Éder (Lille OSC)
46%
Depuis la saison 2010/2011, le Stade Rennais a connu 6 entraineurs différents. Mais dans quel ordre ?Antonetti - Montanier - Courbis - Gourcuff - Lamouchi - Stéphan
42%
Depuis l'arrivée de QSI, le PSG a disputé 331 matchs en L1, et essuyé 34 revers. Deux équipes ont réussi l'exploit de battre le club de la capitale 4 fois, lesquels ?Rennes et Lyon
42%
Quelles équipes sont reléguées à l'issue de la saison 2016/2017 ?FC Lorient - AS Nancy-Lorraine - SC Bastia
37%
Lors de la saison 2014/2015, quelle équipe a été en tête du classement le plus grand nombre de journées ? (14/38)Olympique de Marseille
37%
Durant la saison 2012/2013, Saber Khalifa marque le but de l'année sur un lob des 64m. Contre quel club ?Nice
36%
Quelle saison a inauguré le système de barragiste pour la descente en L2 ?2016/2017
34%
Été 2013, l'AS Monaco vient de décrocher son billet pour la L1 en étant sacré champion de 2ème division. Le club de la principauté investit alors massivement pour fêter son retour dans l'élite. Qui sont les 2 premières recrues de ce mercato ?Joao Moutinho et James Rodriguez
22%
Lors de la saison 2016/2017, le meilleur passeur de la L1 affichait 12 unités. Qui est ce véritable distributeur de caviars ?Morgan Sanson
15%

Distribution des résultats

Percentile par nombre de réponses

% des personnes avec chaque résultat

Votre développement - résultats

Vous n’avez pas pris ce quiz